|
|
|
|
| LEADER |
00000cam a2200000 7i4500 |
| 001 |
0000002147 |
| 005 |
20021128.0 |
| 090 |
0 |
0 |
|a FAO631.53
|b PLA 1989
|
| 245 |
0 |
0 |
|a PLANT genetic resources
|
| 260 |
0 |
0 |
|a Rome :
|b Food and Agriculture Organization of the United Nations ,
|c 1989
|
| 300 |
|
|
|a viii, 38 p. :
|b ill. ;
|c 30 cm.
|
| 650 |
0 |
0 |
|a Genetic resources conservation
|
| 650 |
0 |
0 |
|a Germplasm resources, Plant
|
| 710 |
1 |
1 |
|a Food and Agriculture Organization of the United Nations (FAO)
|
| 998 |
|
|
|a JPSM
|
| 999 |
|
|
|a 0000003141
|b Monograph
|c Open Shelf
|e Default branch
|
| 999 |
|
|
|a 0000003142
|b Monograph
|c Open Shelf
|e Default branch
|
| 999 |
|
|
|a 0000004045
|b Monograph
|c Open Shelf
|e Default branch
|